Fachbegriffe aus der Schulzeit - Statistiken

Allgemein
  • Dieses Quiz wurde 126 mal gespielt
    91 seit der letzten Aktualisierung
  • Das Durchschnittsergebnis liegt bei 6 aus 14
Antwortstatistiken
Fach und Definition Fachbegriff % Korrekt
Deutsch: Sprachliches Bild (z.B. rosarote Brille) Metapher
79%
Biologie: Träger der Gene, der Mensch hat davon 46 Chromosomen
75%
Mathe: Längste Seite im rechtwinklig Dreieck Hypotenuse
72%
Mathe: Form des Graphen der Funktion f(x)=x² Parabel
56%
Englisch: vollendete Vergangenheit im englischen Past perfect
49%
Physik: Kraft, die bei Drei- und Kreisbewegungen auftritt Zentrifugalkraft
49%
Sozialkunde: Veränderung der Altersstruktur in einer Gesellschaft (2 Wörter) Demographischer Wandel
47%
Biologie: natürliche Auslese bei der Evolution Selektion
30%
Chemie: Aufnahme von Elektronen Reduktion
26%
Erdkunde: jahreszeitlich wechselnder Wind in Subtropen und Tropen Monsun
25%
Sport: Technik beim Hochsprung Fosbury Flop
23%
Deutsch: Modus im Satz "Er sei sich sicher." Konjunktiv 1
23%
Geschichte: Versammlung der Staatsoberhäupter zur Neuordnung Europas nach dem Sturz Napoleons (2. Wörter) Wiener Kongress
21%
Philosophie: Auffassung, dass alle Ereignisse im menschlichen Leben durch Vorbedingungen und Naturgesetze festgeschrieben sind Determinismus
15%
Keine übereinstimmenden Quizze gefunden
Verteilung der Resultate
Anzahl Personen mit jedem Resultat
Perzentil nach korrekt beantworteten Fragen
Ihre Resultats-Entwicklung
Sie haben dieses Quiz seit der letzten Aktualisierung nicht gespielt